Six Closest Capitals - Athens - Statistics

General Stats
  • This quiz has been taken 51 times
  • The average score is 4 of 6
Answer Stats
km capital miles % Correct
502 Tirana 312
87%
527 Sofia 327
78%
490 Skopje 304
70%
626 Podgorica 389
57%
565 Pristina 351
52%
745 Bucharest 463
41%
No matching quizzes found
Score Distribution
Percent of People with Each Score
Percentile by Number Answered
Your Score History
You have not taken this quiz